000 03951nam a22004454a 4500
005 20050803152059.0
008 030618s2004 nyua b b 001 0 eng
010 _aB-344088-101
020 _c150.00
_a8181460766
035 _aB-344088-101
035 _aB-357826
037 _bSaubhagya Prakashan
037 _bTarun Books (vendor)
040 _adpl
_bEnglish
082 _aS
100 _aMclerran, Alice
245 _aThe mountain that loved a bird /
_cby Alice Mclerran; illustrated by Stephen Aitken
260 _aChennai
_bTulika Publisher
_c2006
270 _bChennai
_e600018
_a13 Prithvi Avenue, Abhiramapuram
_mtulikabooks@vsnl.com
300 _aUnpage:
_c27cm. (pbk)
_bill.
700 _aAitken, Stephen
942 _2ddc
_cCH
_mMCL
_hS
999 _c22059
_d22059